000
00273nam a2200109Ia 4500
008
200302s9999 xx 000 0 und d
100
_a
Mark Karlen and Others
245
_a
Ligting Design basics 3rd ed
260
_b
John Willey and Sons Inc.
260
_c
2017
300
_a
258
999
_c
6515
_d
6515